000 00691nam a2200229Ia 4500
003 OSt
005 20220923225736.0
006 a|||||r|||| 00| 0
007 ta
008 Pun
024 _a274,374
037 _cTextual
040 _aARTS
_cARTS
_bPun
041 _2Pun
_aPun
082 _aO153,6M94:g, L0
100 _aਸਿੰਘ, ਹਰਭਜਨ
245 0 _aਪ੍ਰੋ ਸਾਹਿਬ ਸਿੰਘ ਦੀ ਵਾਰਤਕ ਕਲਾ
260 _aਲੁਧਿਆਣਾ
_b ਲਾਹੌਰ ਬੁਕ Fਾਪ
_c1970
650 _aਪੰਜਾਬੀ ਸਾਹਿਤ
942 _hO153,6M94:g, L0
_cTEXL
_2CC
999 _c380108
_d380108